00414nam a22001577a 4500001000700000003000900007005001700016007000700033008003500040020001500075040002200090100002600112245005800138260002900196300003100225000197DO-SdBNP20180131115047.0000197151210b 1995 sp a 00| 0 spa d a8478941746 aBPMSUbspacBPMSU1 aAgudo López, Raúl10aManual del globo terráqueo /cRaúl Agudo López. aMadrid ; bAglo, c1995. a56 ;bil., retrs.c22 cm.